000 00387nam a2200157Ia 4500
008 230524s9999 xx 000 0 und d
082 _a621.382
_bLAL
100 _aG.K.Lal
_925508
245 0 _aBasic Electrical Engineering
250 _a1ST
260 _aNEW DELHI
_b3 D Publishers
_c2006
300 _aVII;R.4
500 _aQuantity Number: 1
650 _aElectrical
942 _cBK
999 _c37545
_d37545